Multinational financial management / (Record no. 1513)
[ view plain ]
| 000 -LEADER | |
|---|---|
| fixed length control field | 00850nam a22002412 4500 |
| 001 - CONTROL NUMBER | |
| control field | 0000007103 |
| 005 - DATE AND TIME OF LATEST TRANSACTION | |
| control field | 20151021152555.0 |
| 008 - FIXED-LENGTH DATA ELEMENTS--GENERAL INFORMATION | |
| fixed length control field | 071117s xx 000 0 eng d |
| 020 ## - INTERNATIONAL STANDARD BOOK NUMBER | |
| International Standard Book Number | 0471737690 : |
| Terms of availability | KES 6340 |
| 040 ## - CATALOGING SOURCE | |
| Original cataloging agency | KABU |
| Transcribing agency | KABU |
| 100 1# - MAIN ENTRY--PERSONAL NAME | |
| Personal name | Shapiro, Alan C. |
| -- | 0000152601 |
| 245 10 - TITLE STATEMENT | |
| Title | Multinational financial management / |
| Statement of responsibility, etc. | Alan C. Shapiro. |
| 250 ## - EDITION STATEMENT | |
| Edition statement | 8th ed. |
| 260 ## - PUBLICATION, DISTRIBUTION, ETC. (IMPRINT) | |
| Place of publication, distribution, etc. | Hoboken, NJ. : |
| Name of publisher, distributor, etc. | J. Wiley, |
| Date of publication, distribution, etc. | 2006. |
| 300 ## - PHYSICAL DESCRIPTION | |
| Extent | xxii, 745 p. |
| 650 #0 - SUBJECT ADDED ENTRY--TOPICAL TERM | |
| Topical term or geographic name as entry element | Finance. |
| -- | 0000148330 |
| 650 #0 - SUBJECT ADDED ENTRY--TOPICAL TERM | |
| Topical term or geographic name as entry element | International business enterprises. |
| -- | 0000150869 |
| 852 1# - LOCATION | |
| -- | p1470 KES |
| 852 1# - LOCATION | |
| -- | p1470 KES |
| 852 1# - LOCATION | |
| -- | p1470 KES |
| 908 ## - PUT COMMAND PARAMETER (RLIN) | |
| Put command parameter | 071117 |
| 950 ## - LOCAL HOLDINGS (RLIN) | |
| -- | 1 |
| Withdrawn status | Lost status | Source of classification or shelving scheme | Not for loan | Home library | Current library | Date acquired | Total Checkouts | Full call number | Barcode | Date last seen | Date last checked out | Copy number | Price effective from | Koha item type | Cost, normal purchase price |
|---|---|---|---|---|---|---|---|---|---|---|---|---|---|---|---|
| Library of Congress Classification | Kabarak, Nakuru City Campus | Kabarak, Main Campus | 21/10/2015 | 1 | HG4027.5 .S53 2006 c. 2 | 20811 | 13/07/2024 | 15/06/2024 | C.2 | 21/10/2015 | General Collection | ||||
| Library of Congress Classification | Kabarak, Main Campus | Kabarak, Main Campus | 21/10/2015 | 1 | HG4027.5 .S53 2006 c. 3 | 20814 | 02/06/2021 | 28/05/2021 | C.3 | 21/10/2015 | General Collection | ||||
| Library of Congress Classification | Kabarak, Main Campus | Kabarak, Main Campus | 17/12/2015 | HG4027.5 .S53 2006 c. 1 | 011116 | 17/12/2015 | c. 1 | 17/12/2015 | General Collection | ||||||
| Library of Congress Classification | Kabarak, Main Campus | Kabarak, Main Campus | 17/12/2015 | HG4027.5 .S53 2006 c. 2 | 011115 | 17/12/2015 | c. 2 | 17/12/2015 | General Collection | ||||||
| Library of Congress Classification | Kabarak, Main Campus | Kabarak, Main Campus | 21/10/2015 | HG4027.5 .S53 2006 c. 4 | 024518 | 14/03/2018 | C.4 | 21/10/2015 | General Collection | 2900.00 | |||||
| Library of Congress Classification | Kabarak, Nakuru City Campus | Kabarak, Nakuru City Campus | 21/10/2015 | 1 | HG4027.5 .S53 2006 c. 1 | 20799 | 26/08/2021 | 23/08/2021 | c.1 | 21/10/2015 | General Collection |